-
RAMASWAMY,V.S AND NAMAKUMARI ,S
Entry Personal Name
Number of records used in: 1
001 - CONTROL NUMBER
003 - CONTROL NUMBER IDENTIFIER
005 - DATE AND TIME OF LATEST TRANSACTION
- control field:
20230329114930.0
008 - FIXED-LENGTH DATA ELEMENTS
- fixed length control field:
230329|| aca||aabn | a|a d
040 ## - CATALOGING SOURCE
- Original cataloging agency:
JRU
- Transcribing agency:
JRU
100 ## - HEADING--PERSONAL NAME
- Personal name:
RAMASWAMY,V.S AND NAMAKUMARI ,S
670 ## - SOURCE DATA FOUND
- Source citation:
Work cat.: (JRU)8244: RAMASWAMY,V.S AND NAMAKUMARI ,S , MARKETING MANAGEMENT -INDIAN CONTEXT GLOBEL PERSPECTIVE , 2018